header

Phillis Wheatley : (Record no. 89921)

MARC details
000 -LEADER
fixed length control field 01840nam a2200421 i 4500
001 - CONTROL NUMBER
control field ebr10837666
003 - CONTROL NUMBER IDENTIFIER
control field CaPaEBR
006 - FIXED-LENGTH DATA ELEMENTS--ADDITIONAL MATERIAL CHARACTERISTICS--GENERAL INFORMATION
fixed length control field m o d
007 - PHYSICAL DESCRIPTION FIXED FIELD--GENERAL INFORMATION
fixed length control field cr cn|||||||||
008 - FIXED-LENGTH DATA ELEMENTS--GENERAL INFORMATION
fixed length control field 140222t20112011gauab ob 001 0deng d
020 ## - INTERNATIONAL STANDARD BOOK NUMBER
Cancelled/invalid ISBN 9780820333380
International Standard Book Number 9780820347042 (e-book)
040 ## - CATALOGING SOURCE
Original cataloging agency CaPaEBR
Language of cataloging eng
Description conventions rda
-- pn
Transcribing agency CaPaEBR
035 ## - SYSTEM CONTROL NUMBER
System control number (OCoLC)870949220
043 ## - GEOGRAPHIC AREA CODE
Geographic area code n-us---
050 14 - LIBRARY OF CONGRESS CALL NUMBER
Classification number PS866.W5
Item number .C377 2011eb
082 04 - DEWEY DECIMAL CLASSIFICATION NUMBER
Classification number 811/.1
Edition number 22
100 1# - MAIN ENTRY--PERSONAL NAME
Personal name Carretta, Vincent.
245 10 - TITLE STATEMENT
Title Phillis Wheatley :
Remainder of title biography of a genius in bondage /
Statement of responsibility, etc Vincent Carretta ; April Leidig-Higgins, design.
264 #1 - PRODUCTION, PUBLICATION, DISTRIBUTION, MANUFACTURE, AND COPYRIGHT NOTICE
Place of production, publication, distribution, manufacture Athens, Georgia :
Name of producer, publisher, distributor, manufacturer The University of Georgia Press,
Date of production, publication, distribution, manufacture, or copyright notice 2011.
Date of production, publication, distribution, manufacture, or copyright notice �2011
300 ## - PHYSICAL DESCRIPTION
Extent 1 online resource (318 pages) :
Other physical details illustrations, maps
336 ## - CONTENT TYPE
Content type term text
Source rdacontent
337 ## - MEDIA TYPE
Media type term computer
Source rdamedia
338 ## - CARRIER TYPE
Carrier type term online resource
Source rdacarrier
504 ## - BIBLIOGRAPHY, ETC. NOTE
Bibliography, etc Includes bibliographical references and index.
588 ## - SOURCE OF DESCRIPTION NOTE
Source of description note Description based on print version record.
590 ## - LOCAL NOTE (RLIN)
Local note Electronic reproduction. Palo Alto, Calif. : ebrary, 2014. Available via World Wide Web. Access may be limited to ebrary affiliated libraries.
600 10 - SUBJECT ADDED ENTRY--PERSONAL NAME
Personal name Wheatley, Phillis,
Dates associated with a name 1753-1784.
650 #0 - SUBJECT ADDED ENTRY--TOPICAL TERM
Topical term or geographic name as entry element African American women poets
Form subdivision Biography.
Topical term or geographic name as entry element Poets, American
Chronological subdivision Colonial period, ca. 1600-1775
Form subdivision Biography.
Topical term or geographic name as entry element Slaves
Geographic subdivision United States
Form subdivision Biography.
655 #0 - INDEX TERM--GENRE/FORM
Genre/form data or focus term Electronic books.
700 1# - ADDED ENTRY--PERSONAL NAME
Personal name Leidig-Higgins, April.
776 08 - ADDITIONAL PHYSICAL FORM ENTRY
Display text Print version:
Main entry heading Carretta, Vincent.
Title Phillis Wheatley : biography of a genius in bondage.
Place, publisher, and date of publication Athens, Georgia : The University of Georgia Press, c2011
Physical description xiv, 279 pages
International Standard Book Number 9780820333380
Record control number 2011016374
797 2# - LOCAL ADDED ENTRY--CORPORATE NAME (RLIN)
Corporate name or jurisdiction name as entry element ebrary.
856 40 - ELECTRONIC LOCATION AND ACCESS
Uniform Resource Identifier <a href="http://site.ebrary.com/lib/rucke/Doc?id=10837666">http://site.ebrary.com/lib/rucke/Doc?id=10837666</a>
Public note An electronic book accessible through the World Wide Web; click to view

No items available.

© 2026 Rongo University
Contact us: librarian | system librarian | Rongo university